Countries With the Least Restricted Internet - Statistics

General Stats
  • This quiz has been taken 13 times
  • The average score is 10 of 17
Answer Stats
Internet Freedom Score (2024) Country % Correct
76 United States
100%
86 Canada
89%
76 Australia
78%
76 France
78%
77 Germany
78%
94 Iceland
78%
75 Italy
78%
78 United Kingdom
78%
78 Japan
67%
83 Netherlands
56%
79 Taiwan
56%
86 Chile
44%
85 Costa Rica
44%
92 Estonia
44%
74 South Africa
22%
74 Armenia
0%
74 Georgia
0%
No matching quizzes found
Score Distribution
Percent of People with Each Score
Percentile by Number Answered
Your Score History
You have not taken this quiz